[Event "Olimpiada de Khanty-Mansiysk 2010"]
[Site "Khanty-Mansiysk RUS"]
[Date "2010.09.23"]
[Round "3.4"]
[White "Ayyad, Husain"]
[Black "Mak, Kei Keng"]
[Result "1-0"]
[WhiteElo "2165"]
[BlackElo "1996"]
[PlyCount "63"]
[EventDate "2010.09.21"]
[EventType "team"]
[EventRounds "11"]
[EventCountry "RUS"]
[Source "lmi"]
[SourceDate "2010.09.21"]
[WhiteTeam "BRN"]
[BlackTeam "Macao"]
[BlackTeamCountry "MAC"]

1. e4 d6 2. d4 Nf6 3. Nc3 g6 4. h3 Bg7 5. Nf3 c6 6. a4 Nbd7 7. e5 Nd5 8. Nxd5
cxd5 9. exd6 exd6 10. Bg5 Qa5+ 11. c3 O-O 12. Be2 Nf6 13. Bxf6 Bxf6 14. O-O Qb6
15. Qd2 Bf5 16. a5 Qc7 17. Bd3 Be6 18. a6 b6 19. Qf4 Be7 20. h4 Rab8 21. Rfe1
b5 22. h5 b4 23. hxg6 fxg6 24. Qe3 Bg4 25. Qxe7 Qxe7 26. Rxe7 Bxf3 27. gxf3
bxc3 28. bxc3 Rf7 29. Rxf7 Kxf7 30. Rb1 Ra8 31. Rb7+ Kg8 32. f4 1-0

[Event "Olimpiada de Khanty-Mansiysk 2010"]
[Site "Khanty-Mansiysk RUS"]
[Date "2010.09.23"]
[Round "3.1"]
[White "Shobaita, Talal"]
[Black "Kirby, Peter J"]
[Result "1-0"]
[WhiteElo "2160"]
[BlackElo "2031"]
[PlyCount "93"]
[EventDate "2010.09.21"]
[EventType "team"]
[EventRounds "11"]
[EventCountry "RUS"]
[Source "lmi"]
[SourceDate "2010.09.21"]
[WhiteTeam "Palestina"]
[BlackTeam "Islas del Canal"]
[WhiteTeamCountry "PLE"]
[BlackTeamCountry "GCI"]

1. d4 Nf6 2. Nf3 g6 3. Bf4 Bg7 4. e3 O-O 5. Nbd2 d6 6. h3 Nbd7 7. Bc4 b6 8. c3
Bb7 9. O-O Qe8 10. a4 a5 11. Bh2 e5 12. dxe5 dxe5 13. Qc2 Qe7 14. Rad1 Rad8 15.
b4 axb4 16. cxb4 Qxb4 17. Nxe5 Nxe5 18. Bxe5 c6 19. Bc3 Qe7 20. Qb2 Ra8 21.
Qxb6 Nd5 22. Bxd5 Bxc3 23. Bxc6 Bxc6 24. Qxc6 Rfc8 25. Qb5 Qa7 26. Nc4 Rcb8 27.
Rd7 Qxa4 28. Qd5 Rf8 29. Nb6 Qa5 30. Nxa8 Qxd5 31. Rxd5 Rxa8 32. Rc1 Ra1 33.
Rxa1 Bxa1 34. g4 h6 35. Kg2 Kg7 36. Rd6 g5 37. Kf3 f6 38. Ke4 Kg6 39. Rd7 Bb2
40. f4 gxf4 41. exf4 Ba1 42. h4 h5 43. gxh5+ Kxh5 44. Kf5 Kxh4 45. Rg7 Bb2 46.
Rg4+ Kh3 47. Rg6 1-0

[Event "Olimpiada de Khanty-Mansiysk 2010"]
[Site "Khanty-Mansiysk RUS"]
[Date "2010.09.23"]
[Round "3.2"]
[White "Chipanga, Chiletso"]
[Black "Yamada, Kohei"]
[Result "1-0"]
[WhiteElo "2138"]
[BlackElo "2071"]
[PlyCount "93"]
[EventDate "2010.09.21"]
[EventType "team"]
[EventRounds "11"]
[EventCountry "RUS"]
[Source "lmi"]
[SourceDate "2010.09.21"]
[WhiteTeam "MAW"]
[BlackTeam "Japón"]
[BlackTeamCountry "JPN"]

1. e4 e6 2. c4 d5 3. cxd5 exd5 4. exd5 Nf6 5. Nf3 Nxd5 6. Nc3 Be7 7. d4 O-O 8.
Bd3 Nc6 9. h3 Bf6 10. O-O Ndb4 11. Bb1 Nxd4 12. Ne4 Nxf3+ 13. Qxf3 Be5 14. Qh5
f5 15. Ng5 h6 16. a3 Nd5 17. Rd1 c6 18. Nf3 Bf6 19. Nd4 Bg5 20. Ba2 Bxc1 21.
Raxc1 Bd7 22. Qf3 Kh8 23. Bxd5 cxd5 24. Qxd5 Ba4 25. Qxd8 Raxd8 26. b3 Bd7 27.
f4 Rf6 28. Nf3 Rff8 29. Ne5 Be6 30. Ng6+ Kg8 31. Nxf8 Rxf8 32. Rd6 Rf6 33. b4
Bf7 34. Rc8+ Kh7 35. Rxf6 gxf6 36. Rc7 Kg6 37. Rxb7 a6 38. Rc7 Bd5 39. Kf2 Kh5
40. Rg7 Bb3 41. Ke3 Ba4 42. Kd4 Bc6 43. Kc5 Bb5 44. Kd6 Ba4 45. Ke6 Bc2 46.
Kxf6 Bd3 47. Ke5 1-0

[Event "Olimpiada de Khanty-Mansiysk 2010"]
[Site "Khanty-Mansiysk RUS"]
[Date "2010.09.24"]
[Round "4"]
[White "Vitiugov, Nikita"]
[Black "Ganguly, Surya Shekhar"]
[Result "1-0"]
[WhiteElo "2709"]
[BlackElo "2650"]
[PlyCount "73"]
[EventDate "2010.09.21"]
[EventType "team"]
[EventRounds "11"]
[EventCountry "RUS"]
[Source "lmi"]
[SourceDate "2010.09.21"]
[WhiteTeam "RU2"]
[BlackTeam "India"]
[BlackTeamCountry "IND"]

1. c4 Nf6 2. Nc3 g6 3. e4 d6 4. d4 Bg7 5. f3 O-O 6. Be3 Nc6 7. Nge2 a6 8. Qd2
Rb8 9. Rc1 e6 10. Nd1 Re8 11. g3 Ne7 12. Bg2 b5 13. c5 b4 14. Nf2 a5 15. O-O
Ba6 16. Rfd1 Nd7 17. f4 d5 18. e5 Nf5 19. Kh1 Ra8 20. Ng1 Nb8 21. g4 Nxe3 22.
Qxe3 f5 23. gxf5 gxf5 24. Qh3 Nc6 25. Bf3 Re7 26. Rd2 Qf8 27. Qh4 Nd8 28. Nfh3
c6 29. Bh5 Raa7 30. Nf3 Bh6 31. Rg1+ Rg7 32. Nfg5 Kh8 33. Bf3 Rg6 34. Rdg2 Qe7
35. Qh5 Bxg5 36. Nxg5 Qg7 37. Nxh7 1-0

[Event "Olimpiada de Khanty-Mansiysk 2010"]
[Site "Khanty-Mansiysk RUS"]
[Date "2010.09.24"]
[Round "4"]
[White "Gopal, Geetha"]
[Black "Tomashevsky, Evgeny"]
[Result "1/2-1/2"]
[WhiteElo "2603"]
[BlackElo "2701"]
[PlyCount "78"]
[EventDate "2010.09.21"]
[EventType "team"]
[EventRounds "11"]
[EventCountry "RUS"]
[Source "lmi"]
[SourceDate "2010.09.21"]
[WhiteTeam "India"]
[BlackTeam "RU2"]
[WhiteTeamCountry "IND"]

1. e4 e5 2. Nf3 Nc6 3. Bb5 a6 4. Ba4 Nf6 5. O-O Be7 6. Re1 b5 7. Bb3 O-O 8. c3
d6 9. h3 Nb8 10. d4 Nbd7 11. Nbd2 Bb7 12. Bc2 Re8 13. Nf1 Bf8 14. Ng3 g6 15.
Bg5 h6 16. Bd2 c5 17. d5 c4 18. b4 a5 19. a4 bxa4 20. Bxa4 Qc7 21. Qc2 Rec8 22.
Reb1 axb4 23. Rxb4 Nc5 24. Rab1 Rxa4 25. Rxa4 Nxa4 26. Qxa4 Ra8 27. Qc2 Nd7 28.
Be3 Ra5 29. Nd2 Ba6 30. Rb4 Ra1+ 31. Kh2 h5 32. Ne2 Be7 33. Nc1 Ra5 34. Na2 Kg7
35. Qb1 Bd8 36. Qc2 Qc8 37. Qb1 Qc7 38. Qc2 Qc8 39. Qb1 Qc7 1/2-1/2

[Event "Olimpiada de Khanty-Mansiysk 2010"]
[Site "Khanty-Mansiysk RUS"]
[Date "2010.09.24"]
[Round "4"]
[White "Li, Chao B"]
[Black "Berkes, Ferenc"]
[Result "1/2-1/2"]
[WhiteElo "2633"]
[BlackElo "2678"]
[PlyCount "102"]
[EventDate "2010.09.21"]
[EventType "team"]
[EventRounds "11"]
[EventCountry "RUS"]
[Source "lmi"]
[SourceDate "2010.09.21"]
[WhiteTeam "China"]
[BlackTeam "Hungría"]
[WhiteTeamCountry "CHN"]
[BlackTeamCountry "HUN"]

1. d4 d5 2. Nf3 Nf6 3. c4 dxc4 4. Qa4+ c6 5. Qxc4 Bf5 6. e3 e6 7. Be2 Nbd7 8.
O-O Be7 9. h3 O-O 10. Rd1 Rc8 11. Qb3 Qb6 12. Qxb6 axb6 13. Ne1 Rfd8 14. Nd3 b5
15. Bd2 Ra8 16. Be1 Nb6 17. g4 Bg6 18. Ne5 Ra7 19. Nd2 Rda8 20. a3 b4 21. Nxg6
hxg6 22. Rab1 bxa3 23. bxa3 Nfd7 24. Ne4 Bxa3 25. Nc5 Nxc5 26. Rxb6 Nd7 27. Rb3
Bd6 28. Rdb1 b6 29. Bf3 Rc8 30. g5 Kf8 31. Kg2 Ke7 32. h4 c5 33. dxc5 bxc5 34.
Be2 Rh8 35. f4 Rc8 36. Bc3 e5 37. Bg4 f5 38. gxf6+ gxf6 39. fxe5 Bxe5 40. Bxe5
fxe5 41. Bxd7 Kxd7 42. Kf3 Ra4 43. Rb7+ Rc7 44. R7b6 Rc6 45. Rb7+ Rc7 46. R7b6
Rc6 47. Rb7+ Ke6 48. Rg1 Kf6 49. Rh7 Rca6 50. h5 gxh5 51. Rxh5 c4 1/2-1/2

[Event "Olimpiada de Khanty-Mansiysk 2010"]
[Site "Khanty-Mansiysk RUS"]
[Date "2010.09.24"]
[Round "4"]
[White "Kabanov, Nikolai"]
[Black "Pashikian, Arman"]
[Result "1/2-1/2"]
[WhiteElo "2500"]
[BlackElo "2639"]
[PlyCount "49"]
[EventDate "2010.09.21"]
[EventType "team"]
[EventRounds "11"]
[EventCountry "RUS"]
[Source "lmi"]
[SourceDate "2010.09.21"]
[WhiteTeam "RU3"]
[BlackTeam "Armenia"]
[BlackTeamCountry "ARM"]

1. e4 e5 2. Nf3 Nc6 3. Nc3 Nf6 4. Bb5 Bd6 5. d3 O-O 6. Bg5 a6 7. Ba4 h6 8. Bh4
b5 9. Bb3 Be7 10. a4 b4 11. Bxf6 Bxf6 12. Nd5 a5 13. O-O d6 14. c3 bxc3 15.
bxc3 g6 16. Nxf6+ Qxf6 17. Bd5 Bd7 18. Nd2 Ra7 19. Qe2 Kg7 20. Qe3 Ra6 21. Rfb1
Nd8 22. Bc4 Ra8 23. Bd5 Ra6 24. Bc4 Ra8 25. Bd5 1/2-1/2

[Event "Olimpiada de Khanty-Mansiysk 2010"]
[Site "Khanty-Mansiysk RUS"]
[Date "2010.09.24"]
[Round "4.1"]
[White "Van Wely, Loek"]
[Black "Shirov, Alexei"]
[Result "1-0"]
[WhiteElo "2679"]
[BlackElo "2749"]
[PlyCount "93"]
[EventDate "2010.09.21"]
[EventType "team"]
[EventRounds "11"]
[EventCountry "RUS"]
[Source "lmi"]
[SourceDate "2010.09.21"]
[WhiteTeam "Holanda"]
[BlackTeam "España"]
[WhiteTeamCountry "NED"]
[BlackTeamCountry "ESP"]

1. d4 d5 2. c4 c6 3. Nf3 Nf6 4. Nc3 e6 5. Bg5 Nbd7 6. e3 Qa5 7. cxd5 Nxd5 8.
Qd2 Bb4 9. Rc1 h6 10. Bh4 c5 11. a3 Bxc3 12. bxc3 b6 13. c4 Qxd2+ 14. Nxd2 Ne7
15. Bd3 Bb7 16. O-O Rd8 17. Be4 Ba6 18. Nb3 g5 19. Bg3 f5 20. Bf3 h5 21. Bd6
Rc8 22. Rfd1 g4 23. Be2 Kf7 24. dxc5 bxc5 25. f3 Bb7 26. Rb1 Ba8 27. Nc1 Ng6
28. Kf2 gxf3 29. gxf3 Kf6 30. Rb5 a6 31. Ra5 Rc6 32. Nb3 Rhc8 33. f4 e5 34.
Bxh5 Rh8 35. Bf3 e4 36. Bg2 Rhc8 37. Rd5 Nb6 38. Bxc5 Nxc4 39. Bd4+ Ke6 40.
Rxf5 Nxa5 41. Rxa5 Rc2+ 42. Kg3 Rg8 43. Rg5 Kf7 44. Bh3 Bd5 45. Nc5 a5 46. Bg4
Nxf4 47. Rf5+ 1-0

[Event "Olimpiada de Khanty-Mansiysk 2010"]
[Site "Khanty-Mansiysk RUS"]
[Date "2010.09.24"]
[Round "4.3"]
[White "Giri, Anish"]
[Black "Salgado Lopez, Ivan"]
[Result "1/2-1/2"]
[WhiteElo "2677"]
[BlackElo "2595"]
[PlyCount "51"]
[EventDate "2010.09.21"]
[EventType "team"]
[EventRounds "11"]
[EventCountry "RUS"]
[Source "lmi"]
[SourceDate "2010.09.21"]
[WhiteTeam "Holanda"]
[BlackTeam "España"]
[WhiteTeamCountry "NED"]
[BlackTeamCountry "ESP"]

1. d4 d5 2. c4 dxc4 3. e3 c5 4. Bxc4 cxd4 5. Nf3 Qc7 6. Bb3 dxe3 7. Bxe3 e6 8.
O-O Nf6 9. Nc3 Nc6 10. Nb5 Qa5 11. Nfd4 Bd7 12. Bf4 Rc8 13. Rc1 a6 14. Nd6+
Bxd6 15. Bxd6 Ne4 16. Nxc6 Bxc6 17. Ba3 Qg5 18. f4 Qd8 19. Qe1 h5 20. h3 h4 21.
Kh2 Qd3 22. f5 Qg3+ 23. Kg1 Qxe1 24. Rfxe1 exf5 25. Rc5 Kd7 26. Rxf5 1/2-1/2

[Event "Olimpiada de Khanty-Mansiysk 2010"]
[Site "Khanty-Mansiysk RUS"]
[Date "2010.09.24"]
[Round "4.4"]
[White "Magem Badals, Jordi"]
[Black "Stellwagen, Daniel"]
[Result "0-1"]
[WhiteElo "2589"]
[BlackElo "2635"]
[PlyCount "118"]
[EventDate "2010.09.21"]
[EventType "team"]
[EventRounds "11"]
[EventCountry "RUS"]
[Source "lmi"]
[SourceDate "2010.09.21"]
[WhiteTeam "España"]
[BlackTeam "Holanda"]
[WhiteTeamCountry "ESP"]
[BlackTeamCountry "NED"]

1. e4 e6 2. d4 d5 3. Nc3 Bb4 4. e5 c5 5. a3 Bxc3+ 6. bxc3 Ne7 7. Qg4 Qc7 8.
Qxg7 Rg8 9. Qxh7 cxd4 10. Ne2 Nbc6 11. f4 dxc3 12. Nxc3 a6 13. Bb2 Bd7 14.
O-O-O O-O-O 15. Qh4 Kb8 16. Qf2 Na5 17. Kb1 Rc8 18. Bd3 Nc4 19. Bxc4 Qxc4 20.
Rd2 Nf5 21. Ne2 Qe4 22. Nd4 Ne3 23. Re1 Rxg2 24. Qxg2 Qxg2 25. Rxg2 Nxg2 26.
Rg1 Nxf4 27. Rf1 Ng6 28. Rxf7 Nxe5 29. Rg7 Ba4 30. Nxe6 Bxc2+ 31. Ka2 Nc4 32.
Bd4 Re8 33. Nf4 a5 34. Nxd5 a4 35. Bf2 Rf8 36. Bg3+ Ka7 37. Re7 Rf3 38. Ne3
Bb3+ 39. Ka1 Nxa3 40. Kb2 Nb5 41. Re5 Ka6 42. Re8 b6 43. Re4 Na7 44. Ng4 Nb5
45. Re3 Rf8 46. Re4 Rc8 47. Ne3 Rc3 48. Be5 a3+ 49. Kb1 Rd3 50. h4 Nc3+ 51.
Bxc3 Rxc3 52. Re8 Kb7 53. Re7+ Kc6 54. h5 a2+ 55. Kb2 Rc1 56. Ra7 Rb1+ 57. Kc3
a1=Q+ 58. Rxa1 Rxa1 59. Kxb3 Rh1 0-1

[Event "Olimpiada de Khanty-Mansiysk 2010"]
[Site "Khanty-Mansiysk RUS"]
[Date "2010.09.24"]
[Round "4"]
[White "Jobava, Baadur"]
[Black "Carlsen, Magnus"]
[Result "1-0"]
[WhiteElo "2710"]
[BlackElo "2826"]
[PlyCount "127"]
[EventDate "2010.09.21"]
[EventType "team"]
[EventRounds "11"]
[EventCountry "RUS"]
[Source "lmi"]
[SourceDate "2010.09.21"]
[WhiteTeam "Georgia"]
[BlackTeam "Noruega"]
[WhiteTeamCountry "GEO"]
[BlackTeamCountry "NOR"]

1. d4 Nf6 2. c4 e6 3. Nc3 Bb4 4. a3 Bxc3+ 5. bxc3 Nc6 6. e4 Nxe4 7. Qg4 f5 8.
Qxg7 Qf6 9. Qxf6 Nxf6 10. Nf3 b6 11. d5 Na5 12. Nd4 Kf7 13. dxe6+ dxe6 14. Bf4
Ba6 15. Nf3 Ne4 16. Ne5+ Kf6 17. f3 Nd6 18. O-O-O Rhd8 19. h4 Nf7 20. Nd7+ Kg7
21. Rh3 Kh8 22. Bg5 Nxg5 23. hxg5 Kg7 24. Rh6 Bxc4 25. Bxc4 Nxc4 26. Rdh1 Rh8
27. f4 c5 28. Rxe6 Rae8 29. Rxh7+ Rxh7 30. Rxe8 Kf7 31. Ra8 Rh1+ 32. Kc2 a5 33.
Ra7 Nxa3+ 34. Kd2 Rh2 35. Nxb6+ Kg6 36. Rxa5 Rxg2+ 37. Kd1 Nb1 38. Rxc5 Nd2 39.
Nd5 Ne4 40. Rc6+ Kf7 41. Ne3 Rg3 42. Ke2 Ke8 43. Re6+ Kf7 44. Re5 Nxc3+ 45. Kf2
Rh3 46. Rxf5+ Kg6 47. Rf6+ Kg7 48. Nf5+ Kg8 49. Kg2 Rd3 50. Rd6 Ne2 51. Rg6+
Kh8 52. Rh6+ Kg8 53. Ne7+ Kf7 54. Ng6 Kg7 55. Kf2 Nc3 56. Ne7 Ne4+ 57. Ke2 Ra3
58. Nf5+ Kg8 59. Re6 Nc3+ 60. Kf3 Nd5+ 61. Kg4 Ra1 62. Re5 Rg1+ 63. Kf3 Rf1+
64. Ke4 1-0

[Event "Olimpiada de Khanty-Mansiysk 2010"]
[Site "Khanty-Mansiysk RUS"]
[Date "2010.09.24"]
[Round "4"]
[White "Hammer, Jon Ludvig"]
[Black "Mchedlishvili, Mikheil"]
[Result "1/2-1/2"]
[WhiteElo "2633"]
[BlackElo "2628"]
[PlyCount "62"]
[EventDate "2010.09.21"]
[EventType "team"]
[EventRounds "11"]
[EventCountry "RUS"]
[Source "lmi"]
[SourceDate "2010.09.21"]
[WhiteTeam "Noruega"]
[BlackTeam "Georgia"]
[WhiteTeamCountry "NOR"]
[BlackTeamCountry "GEO"]

1. d4 Nf6 2. c4 e6 3. g3 Bb4+ 4. Bd2 Bxd2+ 5. Qxd2 d5 6. Bg2 Nbd7 7. Nf3 c6 8.
O-O b6 9. a4 O-O 10. Rc1 a5 11. cxd5 cxd5 12. Nc3 Ba6 13. Nb5 Rc8 14. Ne1 Rxc1
15. Rxc1 Qb8 16. b4 axb4 17. Nd3 b3 18. Nb4 Bxb5 19. axb5 Qa8 20. Na6 Rc8 21.
Rc3 Ne4 22. Bxe4 dxe4 23. Rxb3 Qd5 24. Rc3 Rxc3 25. Qxc3 Qxb5 26. Qc8+ Nf8 27.
e3 g5 28. Nc7 Qe2 29. Ne8 Qd1+ 30. Kg2 Qf3+ 31. Kg1 Qd1+ 1/2-1/2

[Event "Olimpiada de Khanty-Mansiysk 2010"]
[Site "Khanty-Mansiysk RUS"]
[Date "2010.09.24"]
[Round "4"]
[White "Pantsulaia, Levan"]
[Black "Elsness, Frode"]
[Result "1-0"]
[WhiteElo "2599"]
[BlackElo "2485"]
[PlyCount "67"]
[EventDate "2010.09.21"]
[EventType "team"]
[EventRounds "11"]
[EventCountry "RUS"]
[Source "lmi"]
[SourceDate "2010.09.21"]
[WhiteTeam "Georgia"]
[BlackTeam "Noruega"]
[WhiteTeamCountry "GEO"]
[BlackTeamCountry "NOR"]

1. d4 Nf6 2. c4 g6 3. Nc3 d5 4. Bg5 Ne4 5. Bh4 Nxc3 6. bxc3 dxc4 7. e3 Be6 8.
Nf3 Bg7 9. Qb1 b6 10. Ng5 Bd5 11. e4 h6 12. Nh3 Bb7 13. Bxc4 O-O 14. e5 Kh8 15.
Nf4 g5 16. Bxg5 hxg5 17. Qf5 e6 18. Qh3+ Kg8 19. Bd3 f5 20. Nxe6 g4 21. Qg3 Qd7
22. Nxf8 Kxf8 23. h3 c5 24. hxg4 fxg4 25. Rh4 cxd4 26. Rxg4 Bd5 27. c4 Nc6 28.
cxd5 Nxe5 29. Rf4+ Kg8 30. Bf5 Qe7 31. Be6+ Kh7 32. Rh4+ Bh6 33. Rxh6+ Kxh6 34.
Qxe5 1-0

[Event "Olimpiada de Khanty-Mansiysk 2010"]
[Site "Khanty-Mansiysk RUS"]
[Date "2010.09.24"]
[Round "4"]
[White "Hansen, Torbjorn Ringdal"]
[Black "Gelashvili, Tamaz"]
[Result "0-1"]
[WhiteElo "2429"]
[BlackElo "2611"]
[PlyCount "70"]
[EventDate "2010.09.21"]
[EventType "team"]
[EventRounds "11"]
[EventCountry "RUS"]
[Source "lmi"]
[SourceDate "2010.09.21"]
[WhiteTeam "Noruega"]
[BlackTeam "Georgia"]
[WhiteTeamCountry "NOR"]
[BlackTeamCountry "GEO"]

1. e4 Nc6 2. Nf3 d6 3. d4 Nf6 4. Nc3 g6 5. Be2 Bg7 6. d5 Nb8 7. O-O O-O 8. Be3
c6 9. Qd2 Bg4 10. Rfe1 Nbd7 11. Rad1 cxd5 12. exd5 Nb6 13. Bd4 Rc8 14. h3 Bf5
15. Bd3 Bxd3 16. Qxd3 Re8 17. Ng5 Nc4 18. Nce4 Nxe4 19. Qxe4 Bf6 20. h4 Nxb2
21. Rb1 Nc4 22. Rxb7 Bxg5 23. hxg5 e5 24. dxe6 Rxe6 25. Qxe6 fxe6 26. Rg7+ Kf8
27. Rxh7 Qa5 28. Rb1 Nb6 29. Bxb6 Qxa2 30. Re1 Rxc2 31. Rxa7 Qb3 32. Bd8 Qb4
33. Rea1 Qd4 34. Be7+ Kg8 35. Ra8+ Kf7 0-1

[Event "Olimpiada de Khanty-Mansiysk 2010"]
[Site "Khanty-Mansiysk RUS"]
[Date "2010.09.24"]
[Round "4"]
[White "Kulaots, Kaido"]
[Black "Le, Quang Liem"]
[Result "0-1"]
[WhiteElo "2592"]
[BlackElo "2694"]
[PlyCount "92"]
[EventDate "2010.09.21"]
[EventType "team"]
[EventRounds "11"]
[EventCountry "RUS"]
[Source "lmi"]
[SourceDate "2010.09.21"]
[WhiteTeam "Estonia"]
[BlackTeam "Vietnam"]
[WhiteTeamCountry "EST"]
[BlackTeamCountry "VIE"]

1. d4 Nf6 2. c4 e6 3. Nf3 b6 4. g3 Ba6 5. b3 b5 6. cxb5 Bxb5 7. Bg2 d5 8. O-O
Nbd7 9. Nc3 Ba6 10. Bb2 Rc8 11. Re1 Bb7 12. Ne5 c6 13. Nd3 c5 14. e4 dxe4 15.
dxc5 Nxc5 16. Nxc5 Bxc5 17. Nxe4 Bxe4 18. Bxe4 Qb6 19. Qf3 Bd4 20. Bxd4 Qxd4
21. Rad1 Qb6 22. Qe3 Qxe3 23. Rxe3 Ke7 24. Bf3 Rc2 25. a4 Rhc8 26. b4 Ra2 27.
Re5 Rxa4 28. Rc5 Rxc5 29. bxc5 a5 30. c6 Rc4 31. Rb1 e5 32. Rb7+ Ke6 33. c7 e4
34. Bd1 Kd6 35. Bb3 Rxc7 36. Rxc7 Kxc7 37. Bxf7 Kd6 38. Kf1 a4 39. Ke2 a3 40.
Bb3 Nd5 41. Kd2 Ke5 42. Kc2 Kd4 43. Ba4 Nb4+ 44. Kb3 a2 45. Kb2 Kd3 46. Bd7 Kd2
0-1

[Event "Olimpiada de Khanty-Mansiysk 2010"]
[Site "Khanty-Mansiysk RUS"]
[Date "2010.09.24"]
[Round "4"]
[White "Nguyen, Ngoc Truong Son"]
[Black "Kanep, Meelis"]
[Result "1-0"]
[WhiteElo "2633"]
[BlackElo "2532"]
[PlyCount "85"]
[EventDate "2010.09.21"]
[EventType "team"]
[EventRounds "11"]
[EventCountry "RUS"]
[Source "lmi"]
[SourceDate "2010.09.21"]
[WhiteTeam "Vietnam"]
[BlackTeam "Estonia"]
[WhiteTeamCountry "VIE"]
[BlackTeamCountry "EST"]

1. d4 Nf6 2. Nf3 e6 3. c3 c5 4. Bf4 Nc6 5. e3 d5 6. Nbd2 Bd6 7. Bg3 O-O 8. Bd3
Qe7 9. Ne5 Nd7 10. Nxd7 Bxd7 11. Bxd6 Qxd6 12. dxc5 Qxc5 13. Bxh7+ Kxh7 14.
Qh5+ Kg8 15. Ne4 Qc4 16. Ng5 Rfd8 17. Qxf7+ Kh8 18. Qh5+ Kg8 19. Rd1 d4 20.
Qf7+ Kh8 21. h4 Qd5 22. O-O Qf5 23. Qxf5 exf5 24. Nf7+ Kg8 25. Nxd8 Rxd8 26.
exd4 Be6 27. b3 Kf7 28. Rfe1 b5 29. Kh2 a5 30. Rd3 a4 31. Rf3 axb3 32. axb3 b4
33. Rfe3 Bxb3 34. cxb4 Bc4 35. Rf3 Kf6 36. Rf4 Nxd4 37. Ree4 Ne6 38. Rxc4 Nxf4
39. Rxf4 Rd2 40. g3 Rb2 41. Kg2 g6 42. Kf3 Ke5 43. Ke3 1-0

[Event "Olimpiada de Khanty-Mansiysk 2010"]
[Site "Khanty-Mansiysk RUS"]
[Date "2010.09.24"]
[Round "4"]
[White "Volodin, Aleksandr"]
[Black "Nguyen, Anh Dung"]
[Result "1/2-1/2"]
[WhiteElo "2433"]
[BlackElo "2500"]
[PlyCount "73"]
[EventDate "2010.09.21"]
[EventType "team"]
[EventRounds "11"]
[EventCountry "RUS"]
[Source "lmi"]
[SourceDate "2010.09.21"]
[WhiteTeam "Estonia"]
[BlackTeam "Vietnam"]
[WhiteTeamCountry "EST"]
[BlackTeamCountry "VIE"]

1. d4 Nf6 2. c4 e6 3. Nf3 b6 4. a3 Bb7 5. Nc3 d5 6. cxd5 Nxd5 7. Qc2 Nxc3 8.
Qxc3 Nd7 9. Bg5 f6 10. Bh4 Bd6 11. Bg3 O-O 12. e3 Kh8 13. Be2 Rc8 14. O-O Bxg3
15. hxg3 c5 16. Rac1 Qe7 17. Qb3 e5 18. dxc5 Nxc5 19. Qb4 f5 20. Qh4 Qxh4 21.
gxh4 Bxf3 22. Bxf3 Nd3 23. Rxc8 Rxc8 24. Rd1 e4 25. Be2 Nxb2 26. Rd7 g6 27.
Rxa7 Rc2 28. Bb5 Nd3 29. Bxd3 exd3 30. Rd7 Rc3 31. a4 Ra3 32. h5 gxh5 33. Kh2
Rxa4 34. Rxd3 f4 35. Rb3 fxe3 36. fxe3 Re4 37. Rxb6 1/2-1/2

[Event "Olimpiada de Khanty-Mansiysk 2010"]
[Site "Khanty-Mansiysk RUS"]
[Date "2010.09.24"]
[Round "4"]
[White "Nguyen, Duc Hoa"]
[Black "Seeman, Tarvo"]
[Result "1-0"]
[WhiteElo "2385"]
[BlackElo "2420"]
[PlyCount "55"]
[EventDate "2010.09.21"]
[EventType "team"]
[EventRounds "11"]
[EventCountry "RUS"]
[Source "lmi"]
[SourceDate "2010.09.21"]
[WhiteTeam "Vietnam"]
[BlackTeam "Estonia"]
[WhiteTeamCountry "VIE"]
[BlackTeamCountry "EST"]

1. d4 Nf6 2. c4 g6 3. Nc3 Bg7 4. Nf3 O-O 5. Bg5 c5 6. d5 h6 7. Bh4 b5 8. cxb5
Qa5 9. Nd2 a6 10. e4 d6 11. Nc4 Qd8 12. a4 Nbd7 13. Bd3 axb5 14. axb5 Rxa1 15.
Qxa1 g5 16. Bg3 Nh5 17. Qa7 Nf4 18. Bxf4 gxf4 19. b6 Ne5 20. Nxe5 Bxe5 21. b7
Bg4 22. O-O f3 23. Ra1 e6 24. g3 Kg7 25. Qa8 Qb8 26. Bb5 exd5 27. exd5 c4 28.
Bc6 1-0

[Event "Olimpiada de Khanty-Mansiysk 2010"]
[Site "Khanty-Mansiysk RUS"]
[Date "2010.09.24"]
[Round "4"]
[White "Efimenko, Zahar"]
[Black "Pavasovic, Dusko"]
[Result "1/2-1/2"]
[WhiteElo "2683"]
[BlackElo "2568"]
[PlyCount "31"]
[EventDate "2010.09.21"]
[EventType "team"]
[EventRounds "11"]
[EventCountry "RUS"]
[Source "lmi"]
[SourceDate "2010.09.21"]
[WhiteTeam "Ucrania"]
[BlackTeam "Eslovenia"]
[WhiteTeamCountry "UKR"]
[BlackTeamCountry "SLO"]

1. e4 e5 2. Nf3 Nc6 3. Bb5 a6 4. Ba4 Nf6 5. O-O b5 6. Bb3 Bc5 7. a4 Rb8 8. c3
O-O 9. d4 Bb6 10. axb5 axb5 11. Qd3 d5 12. Nxe5 Nxe5 13. dxe5 Nxe4 14. Be3 c6
15. Bxb6 Qxb6 16. Nd2 1/2-1/2

[Event "Olimpiada de Khanty-Mansiysk 2010"]
[Site "Khanty-Mansiysk RUS"]
[Date "2010.09.24"]
[Round "4"]
[White "Borisek, Jure"]
[Black "Moiseenko, Alexander"]
[Result "1/2-1/2"]
[WhiteElo "2535"]
[BlackElo "2658"]
[PlyCount "54"]
[EventDate "2010.09.21"]
[EventType "team"]
[EventRounds "11"]
[EventCountry "RUS"]
[Source "lmi"]
[SourceDate "2010.09.21"]
[WhiteTeam "Eslovenia"]
[BlackTeam "Ucrania"]
[WhiteTeamCountry "SLO"]
[BlackTeamCountry "UKR"]

1. e4 c5 2. Nf3 Nc6 3. d4 cxd4 4. Nxd4 Nf6 5. Nc3 e5 6. Ndb5 d6 7. Bg5 a6 8.
Na3 b5 9. Nd5 Be7 10. Bxf6 Bxf6 11. c4 b4 12. Nc2 O-O 13. g3 Bg5 14. Bg2 Qa5
15. O-O Qc5 16. Qe2 a5 17. Kh1 Be6 18. f4 Bh6 19. Nce3 Nd4 20. Qd3 Kh8 21. b3
a4 22. a3 Bxd5 23. Nxd5 axb3 24. axb4 Qc6 25. Rab1 Ra3 26. Nc3 g6 27. Nb5 Nxb5
1/2-1/2

[Event "Olimpiada de Khanty-Mansiysk 2010"]
[Site "Khanty-Mansiysk RUS"]
[Date "2010.09.24"]
[Round "4"]
[White "Amin, Bassem"]
[Black "Socko, Bartosz"]
[Result "1/2-1/2"]
[WhiteElo "2578"]
[BlackElo "2657"]
[PlyCount "35"]
[EventDate "2010.09.21"]
[EventType "team"]
[EventRounds "11"]
[EventCountry "RUS"]
[Source "lmi"]
[SourceDate "2010.09.21"]
[WhiteTeam "Egipto"]
[BlackTeam "Polonia"]
[WhiteTeamCountry "EGY"]
[BlackTeamCountry "POL"]

1. e4 c5 2. Nf3 d6 3. g3 Nc6 4. Bg2 Nf6 5. d3 g6 6. O-O Bg7 7. c3 O-O 8. Nbd2
e5 9. a3 Rb8 10. b4 b5 11. Qe2 Qe7 12. Bb2 Nd7 13. Ne1 Nb6 14. Rb1 a5 15. Nc2
Be6 16. Ba1 Na4 17. bxc5 dxc5 18. Ne3 1/2-1/2

[Event "Olimpiada de Khanty-Mansiysk 2010"]
[Site "Khanty-Mansiysk RUS"]
[Date "2010.09.24"]
[Round "4"]
[White "Macieja, Bartlomiej"]
[Black "Abdel Razik, Khaled"]
[Result "1/2-1/2"]
[WhiteElo "2651"]
[BlackElo "2480"]
[PlyCount "80"]
[EventDate "2010.09.21"]
[EventType "team"]
[EventRounds "11"]
[EventCountry "RUS"]
[Source "lmi"]
[SourceDate "2010.09.21"]
[WhiteTeam "Polonia"]
[BlackTeam "Egipto"]
[WhiteTeamCountry "POL"]
[BlackTeamCountry "EGY"]

1. e4 c5 2. Nf3 e6 3. d4 cxd4 4. Nxd4 Nf6 5. Nc3 d6 6. g4 h6 7. h4 Nc6 8. Rg1
a6 9. g5 hxg5 10. hxg5 Nd7 11. g6 Nde5 12. gxf7+ Kxf7 13. Be3 Qf6 14. Rg3 Kg8
15. Bg5 Qg6 16. Nb3 b5 17. Qe2 Rh2 18. O-O-O Ra7 19. Bg2 Rf7 20. f4 Be7 21. Kb1
Bxg5 22. fxg5 Nc4 23. Nd2 N4e5 24. Nf1 Rh5 25. Qe3 Nc4 26. Qc1 b4 27. Ne2 e5
28. Ne3 Be6 29. Nf5 Ne7 30. Bf3 Nxf5 31. exf5 Bxf5 32. Bxh5 Qxh5 33. Ng1 Rc7
34. Nf3 a5 35. g6 Na3+ 36. bxa3 Rxc2 37. Qg5 Rd2+ 38. Kc1 Rc2+ 39. Kb1 Rd2+ 40.
Kc1 Rc2+ 1/2-1/2